| 000 | 00466nmm a2200157Ia 4500 | ||
|---|---|---|---|
| 008 | 251105s9999||||xx |||||||||||||||||und|| | ||
| 020 | _a9789585154667 | ||
| 041 | _aspa | ||
| 100 | _aVV. AA. | ||
| 245 | 0 | _aAcademia Colombiana de Historia. 120 años | |
| 264 |
_a[Bogotá, Colombia] : _bAcademia Colombiana de Historia, _c2022 |
||
| 300 | _a329 páginas | ||
| 650 | _aHistory (General) | ||
| 856 | _uhttps://public.digitaliapublishing.com/a/128756 | ||
| 942 | _cCF | ||
| 999 |
_c95123 _d95123 |
||